000 00644nam a2200265Ia 4500
001 12569
003 24634
005 20250821062544.0
008 ||||||n9999 ||| || ||
041 _afre
082 _219
_a320.01
100 _aProudhon, Pierre Joseph
_9700
245 0 _aDe la creation de l'ordre dans l'humanite
260 _aFrancia :
_bLibrairie des sciences politiques et sociales,
_c2027.
300 _a461p
562 _e1
650 0 _aOrganizaciones
_91300
650 _aPOLÍTICAS
_920822
942 _cBKM
999 _c12569
_d12569
526 _a4969
526 _a19790
526 _a104436
526 _a51868
526 _a1697